Vacancy equilibrium concentration of anharmonic crystals under pressure = Nghiên cứu quá trình biến đổi năng lượng tự do khi tạo thành một vacancy /

Đã lưu trong:
書目詳細資料
主要作者: Vu Van Hung.
其他作者: Do Dinh Thanh., Tran Thu Ha.
格式: Bài viết
語言:Vietnamese
主題:
標簽: 添加標簽
沒有標簽, 成為第一個標記此記錄!
Thư viện lưu trữ: Thư viện Trường Đại học Đà Lạt
LEADER 00938nam a2200289 4500
001 DLU120144561
005 ##20121211
040 # # |a DLU  |b vie 
041 # # |a vie 
044 # # |a vn 
100 # # |a Vu Van Hung. 
245 # # |a Vacancy equilibrium concentration of anharmonic crystals under pressure =  |b Nghiên cứu quá trình biến đổi năng lượng tự do khi tạo thành một vacancy /  |c Vu Van Hung, Do Dinh Thanh, Tran Thu Ha.  
653 # # |a Hệ số 
653 # # |a Nồng độ 
653 # # |a Tuyến tính 
700 # # |a Do Dinh Thanh. 
700 # # |a Tran Thu Ha.  
773 # # |t Tạp chí Khoa học tự nhiên  |g Số 4, 1996, tr. 49-53 
920 # # |a Phòng Tạp chí -- Trung tâm Thông tin - Thư viện Trường Đại học Đà Lạt 
994 # # |a DLU 
900 # # |a True 
911 # # |a Nguyễn Thị Linh Chi 
925 # # |a G 
926 # # |a A 
927 # # |a BB 
980 # # |a Thư viện Trường Đại học Đà Lạt